15 krajów o największej liczbie zgonów Covid19 - 2 grudnia - Statystyki

Ogólne statystyki
  • Ten quiz został rozwiązany 51 razy
  • Średni wynik to 11 z 21
Statystyki odpowiedzi
kraj % Poprawnych
Polska
98%
Stany Zjednoczone
90%
Francja
86%
Hiszpania
83%
Rosja
83%
Włochy
83%
Brazylia
71%
Argentyna
67%
Indie
67%
Meksyk
67%
Wielka Brytania
67%
Kolumbia
38%
Chile
36%
Czechy
36%
Iran
33%
Peru
33%
Republika Południowej Afryki
29%
Belgia
26%
Ekwador
26%
Macedonia Północna
7%
Bośnia i Hercegowina
5%
Nie znaleziono quizów pasujących do podanych kryteriów
Rozkład punktacji
Procent ludzi z każdym wynikiem
Percentyl według liczby udzielonych odpowiedzi
Twoja historia wyników
Nie rozwiązałeś tego quizu